[Event "Pan American-ch School U13 12th"]
[Site "Callao"]
[Date "2023.10.20"]
[Round "8"]
[White "Aguilar Contreras, William Alejandro"]
[Black "Ccana Minauro, Reiben Andre"]
[Result "1/2-1/2"]
[WhiteElo "1219"]
[BlackElo "1347"]
[PlyCount "35"]
[EventDate "2023.10.16"]
[EventType "swiss"]
[EventRounds "9"]
[EventCountry "PER"]
[SourceTitle "Mega2024 Update 01"]
[Source "Chessbase"]
[SourceDate "2023.11.12"]
[SourceVersion "1"]
[SourceVersionDate "2023.11.12"]
[SourceQuality "1"]

1. e4 c5 2. c3 e6 3. d4 cxd4 4. cxd4 Nf6 5. Nc3 Bb4 6. Bd3 Nc6 7. Nf3 d5 8. exd5 Nxd5 9. Bd2 0-0 10. 0-0 h6 11. a3 Bd6 12. Nxd5 exd5 13. Qc1 Qf6 14. Be3 Bg4 15. Be2 Rac8 16. Qd1 Rfe8 17. h3 Bh5 18. Qb3 1/2-1/2